000 00257nam a2200109Ia 4500
008 230320s9999||||xx |||||||||||||| ||spa||
082 _a370.152/B78
100 _aBovazzi, Fabiana
245 0 _aNeuroeducación Infantil :
260 _bBonum
942 _80
_cLIB
999 _c51269
_d51269